000 00633nam a2200241Ia 4500
003 OSt
005 20220918191716.0
006 a|||||r|||| 00| 0
007 ta
008 220917b |||||||| |||| 00| 0 eng d
024 _a64,702
037 _cTextual
040 _aARTS
_cARTS
_beng
041 _2eng
_aeng
082 _aQv1-52.C, M1
100 _aMacMullen Ramsay
_975341
245 0 _aPaganism in the Roman Empire
260 _aNew Haven
_bYale University
_c1981
300 _axii, 241p.
_ccm.
650 _aRELIGION
942 _hQv1-52.C, M1
_cTEXL
_2CC
999 _c191070
_d191070